[Event "TePe Sigeman Co 2022"]
[Site "Malmo"]
[Date "2022.05.07"]
[Round "5.4"]
[White "Adams, Michael"]
[Black "Navara, David"]
[Result "1/2-1/2"]
[WhiteElo "2698"]
[BlackElo "2682"]
[Annotator "TA"]
[PlyCount "137"]
[EventDate "2022.05.03"]
[EventType "tourn"]
[EventCountry "SWE"]
[SourceTitle "playchess.com"]
[Source "ChessBase"]
[SourceQuality "1"]

{[%evp 10,137,22,30,24,0,7,16,28,38,37,42,27,27,32,28,41,35,34,33,33,24,29,14,32,31,25,15,25,0,0,-25,-7,-14,-23,-24,43,39,52,26,72,37,41,18,50,0,0,0,0,0,25,19,24,12,19,21,17,0,0,0,0,0,0,0,0,0,0,0,0,0,0,41,0,0,0,-8,0,0,0,0,0,0,0,0,0,-10,-10,-10,-10,-10,-10,-10,-10,-11,-1,-14,0,0,0,-48,0,0,0,0,0,0,0,0,0,0,0,0,0,0,0,0,0,0,0,0,0,0,0,0,0,0,0,0,0,0]} 1. e4 c5 {[%emt 0:00:07]} 2. Nc3 {[%emt 0:00:05]} Nc6 {[%emt 0:03:31]} 3. Nf3 {[%emt 0:00:10]} g6 {[%emt 0:00:10]} 4. Bb5 {[%emt 0:00:07]} Bg7 {[%emt 0:03:26]} 5. O-O {[%emt 0:00:14]} Nd4 {[%emt 0:04:01]} 6. Ba4 {[%emt 0:02:10]} Qa5 {[%emt 0:05:47] B31: Sicilian: 2...Nc6 3 Bb5 g6.} 7. Bb3 {[%emt 0:05:05]} Nxb3 {[%emt 0:00:49]} 8. cxb3 {[%emt 0:00:07]} d6 {[%emt 0:00:35] Inhibits e5.} 9. d4 {[%emt 0:00:07]} cxd4 {[%emt 0:00:59]} 10. Nxd4 {[%emt 0:00:08]} Nf6 {[%emt 0:00:19]} 11. f3 {[%emt 0:01:25]} O-O {[%emt 0:00:50]} 12. Be3 {[%emt 0:00:33]} Bd7 {[%emt 0:02:03]} 13. Qd2 {[%emt 0:02:59]} Rfc8 {[%emt 0:05:00]} 14. Rfd1 {[%emt 0:05:35]} a6 {[%emt 0:09:30] [#]} 15. a3 $146 {[%emt 0:06:28]} ({Predecessor:} 15. Rac1 Qd8 16. Nc2 Be6 17. Qf2 Qf8 18. Bb6 Nd7 19. Bd4 f6 20. Be3 {½-½ (20) Canibal,J (2331)-Sykora,J (2304) ICCF email 2015}) 15... Qd8 {[%emt 0:05:39]} 16. b4 {[%emt 0:09:14]} a5 {[%emt 0:04:29]} 17. b5 {[%emt 0:04:53]} a4 {[%emt 0:00:51]} 18. Qf2 {[%emt 0:08:35]} Qe8 {[%emt 0:08:21]} 19. b6 {[%emt 0:07:43]} Ra6 {[%emt 0:02:29]} 20. Nc2 {[%emt 0:05:34][%cal Bd4c2,Bc2b4,Bb4d5][%mdl 32]} Be6 {[%emt 0:00:25]} 21. Nb4 {[%emt 0:00:32]} Ra5 {[%emt 0:01:20]} 22. Rd2 {[%emt 0:07:46]} g5 {[%emt 0:08:08]} (22... Qd8 $11) 23. Re1 $14 {[%emt 0:03:48]} g4 {[%emt 0:01:16]} 24. Nbd5 {[%emt 0:03:08] Pair of Knights!} gxf3 {[%emt 0:10:09]} (24... Nxd5 $11 25. Nxd5 Rc4) 25. Qxf3 {[%emt 0:03:51]} Ng4 $1 {[%emt 0:01:21]} 26. Bg5 {[%emt 0:06:30]} Kh8 {[%emt 0:03:42]} 27. Qg3 {[%emt 0:09:24]} (27. Bxe7 $14 Ne5 28. Qh5) 27... Bxc3 {[%emt 0:07:49]} 28. bxc3 {[%emt 0:00:06]} f6 {[%emt 0:00:11]} 29. Bf4 {[%emt 0:00:30]} Qf7 {[%emt 0:00:47]} 30. h3 {[%emt 0:01:53]} Bxd5 {[%emt 0:01:42]} 31. exd5 {[%emt 0:02:38]} Ne5 {[%emt 0:00:12]} 32. Bxe5 {[%emt 0:00:06]} fxe5 {[%emt 0:01:47]} 33. Rf1 {[%emt 0:01:55]} Qg7 {[%emt 0:00:44]} 34. Qh4 {[%emt 0:00:48]} Rg8 {[%emt 0:02:02][%cal Oa5d5]} (34... Rxc3 $2 35. Rdf2 Kg8 36. Rf5 $18) 35. c4 {[%emt 0:00:59]} Ra6 {[%emt 0:00:39]} 36. Rf5 {[%emt 0:01:29]} Rxb6 {[%emt 0:01:05] White must now prevent ...Rb1+.} 37. Rdf2 {[%emt 0:00:38]} Qg3 {[%emt 0:02:06]} 38. Qxg3 {[%emt 0:00:16]} Rxg3 $11 {[%emt 0:00:07][%mdl 4096] Endgame KRR-KRR} 39. Rf7 {[%emt 0:00:24]} Rg7 {[%emt 0:00:24]} 40. Rf8+ {[%emt 0:00:06]} Rg8 {[%emt 0:00:06] [#] Strongly threatening ...Rb1+.} 41. R8f7 {[%emt 0:04:40]} Re8 {[%emt 0:01:42]} 42. R2f3 {[%emt 0:00:15]} Rb1+ {[%emt 0:04:09]} 43. Kh2 {[%emt 0:01:09]} Rc1 {[%emt 0:21:58]} 44. Rg3 $1 {[%emt 0:03:29]} Rg8 {[%emt 0:00:13]} 45. Rxe7 {[%emt 0:02:03]} Rxc4 {[%emt 0:00:15]} 46. Rxb7 {[%emt 0:02:36]} Rd4 {[%emt 0:01:03]} 47. Ra7 {[%emt 0:02:30]} h5 {[%emt 0:04:38]} 48. Ra6 {[%emt 0:03:05]} Rxd5 {[%emt 0:00:53] next ...Rd4 is good for Black.} 49. Rxa4 {[%emt 0:00:33]} Rxg3 {[%emt 0:00:08]} 50. Kxg3 {[%emt 0:00:04] KR-KR} Kg7 {[%emt 0:00:06]} 51. Kh4 {[%emt 0:07:41]} Kg6 {[%emt 0:00:47]} 52. Rb4 {[%emt 0:03:06]} Rd2 {[%emt 0:01:42]} 53. g4 {[%emt 0:00:47]} hxg4 {[%emt 0:00:10]} 54. Kxg4 {[%emt 0:01:12]} (54. hxg4 $11 {was preferrable.} Rh2+ 55. Kg3) 54... Kf6 {[%emt 0:01:21]} (54... Rg2+ $1 $15 55. Kf3 Rh2) 55. a4 {[%emt 0:01:15] The position is equal.} Rg2+ {[%emt 0:00:31]} 56. Kf3 {[%emt 0:00:04]} Ra2 {[%emt 0:00:11] ...d5 is the strong threat.} 57. Kg4 {[%emt 0:01:32]} d5 {[%emt 0:02:54] [#] And now ...e4 would win.} 58. Rb6+ {[%emt 0:00:52]} Ke7 {[%emt 0:00:04]} 59. Kf5 {[%emt 0:01:20]} e4 {[%emt 0:00:05]} 60. Ke5 {[%emt 0:04:09]} Rd2 {[%emt 0:01:20] aiming for ...e3.} 61. Rb3 {[%emt 0:00:41]} Rd3 {[%emt 0:00:22]} 62. Rb1 {[%emt 0:00:16]} e3 {[%emt 0:00:07]} 63. a5 {[%emt 0:00:10]} e2 {[%emt 0:01:02] ( -> ...Rd1)} 64. Re1 {[%emt 0:00:10]} Rxh3 {[%emt 0:00:23]} 65. Rxe2 {[%emt 0:00:14]} Ra3 {[%emt 0:00:07]} 66. Kxd5+ {[%emt 0:00:13]} Kd7 {[%emt 0:00:03]} 67. Re5 {[%emt 0:00:05]} Rxa5+ {[%emt 0:00:04]} 68. Ke4 {[%emt 0:00:02]} Rxe5+ {[%emt 0:00:05]} 69. Kxe5 {[%emt 0:00:03] Weighted Error Value: White=0.06 (flawless) /Black=0.07 (flawless)} 1/2-1/2

[Event "TePe Sigeman Co 2022"]
[Site "Malmo"]
[Date "2022.05.08"]
[Round "6.1"]
[White "Shirov, Alexei"]
[Black "Navara, David"]
[Result "0-1"]
[WhiteElo "2695"]
[BlackElo "2682"]
[Annotator "TA"]
[PlyCount "89"]
[EventDate "2022.05.03"]
[EventType "tourn"]
[EventCountry "SWE"]
[SourceTitle "playchess.com"]
[Source "ChessBase"]
[SourceQuality "1"]

{[%evp 16,89,21,0,2,17,0,11,22,-10,-8,-13,-15,-17,-14,-12,-18,-23,-17,-77,-27,-25,-37,-37,-22,-7,-14,-49,-54,-50,-50,-91,-90,-95,0,-87,-82,-126,-99,-111,-110,-125,-121,-112,-129,-164,-153,-172,-170,-170,-170,-174,-170,-193,-159,-306,-310,-316,-319,-317,-179,-298,-292,-301,0,-216,0,-319,-317,-308,-297,-581,-544,-505,-503,-290]} 1. e4 e5 {[%emt 0:00:08]} 2. Nf3 {[%emt 0:00:05]} Nc6 {[%emt 0:00:06]} 3. Bb5 {[%emt 0:00:04]} Nf6 {[%emt 0:00:06]} 4. O-O {[%emt 0:00:04]} Nxe4 {[%emt 0:00:07]} 5. d4 {[%emt 0:00:03]} Nd6 {[%emt 0:00:07]} 6. Bxc6 {[%emt 0:00:04]} dxc6 {[%emt 0:00:05]} 7. dxe5 {[%emt 0:00:03]} Nf5 {[%emt 0:00:07]} 8. Qxd8+ {[%emt 0:00:04]} Kxd8 {[%emt 0:00:06]} 9. h3 {[%emt 0:00:05]} Be7 {[%emt 0:00:25] 9...Bd7 is setting a new trend. C67: Ruy Lopez: Berlin Defence: 4 0-0 Nxe4.} 10. Nc3 {[%emt 0:00:15]} Nh4 {[%emt 0:00:39]} 11. Nxh4 {[%emt 0:00:05]} Bxh4 {[%emt 0:00:09] The position is equal.} 12. f4 {[%emt 0:00:06]} Bf5 {[%emt 0:02:16]} 13. Rd1+ {[%emt 0:00:05]} Ke8 {[%emt 0:01:12]} 14. g4 {[%emt 0:00:06][%cal Bg2g4,Bg4g5][%mdl 32]} Bc8 {[%emt 0:21:56][%cal Bf5c8,Bc8e6,Be6c4][%mdl 32]} (14... Bxc2 $2 15. Rd2 $18) 15. Kg2 {[%emt 0:00:20]} h5 {[%emt 0:01:11]} 16. f5 {[%emt 0:02:27] [#]} g6 $146 {[%emt 0:01:17]} ({Predecessor:} 16... Be7 17. Kg3 hxg4 18. hxg4 Bh4+ 19. Kf3 Be7 20. Bf4 g6 21. Rh1 Rg8 22. f6 Bb4 {1-0 (33) Vachier Lagrave,M (2763)-Tabatabaei,M (2639) Riga 2021}) 17. Kf3 {[%emt 0:00:07]} (17. Be3 $11 {keeps the balance.}) 17... gxf5 {[%emt 0:06:14]} (17... hxg4+ $17 18. hxg4 gxf5) 18. g5 $1 $11 {[%emt 0:00:11]} Rg8 {[%emt 0:01:32]} 19. Be3 {[%emt 0:01:44]} Be6 {[%emt 0:01:36]} (19... Bxg5 $2 20. Rg1 $18) 20. Rg1 {[%emt 0:00:49]} Rd8 $36 {[%emt 0:04:40][%cal Oc6c5][%mdl 2048] White is under pressure.} 21. Ne2 {[%emt 0:32:26]} Bc4 {[%emt 0:08:25]} 22. Nd4 {[%emt 0:16:54] [#]} Bxg5 $1 {[%emt 0:01:23] This bishop pair is nice.} 23. h4 {[%emt 0:00:22]} (23. Rxg5 Rxg5) 23... Bd5+ {[%emt 0:03:47]} 24. Ke2 {[%emt 0:00:05]} Bc4+ {[%emt 0:00:43]} 25. Kf3 {[%emt 0:00:05] [#]} f4 $1 {[%emt 0:07:50]} 26. Bf2 {[%emt 0:02:25] [#]} (26. Bxf4 Rxd4) 26... c5 $1 {[%emt 0:00:27][%cal Bc6c5,Bc5d4][%mdl 32] White must now prevent ...Bd5+.} 27. hxg5 {[%emt 0:04:40] aiming for Ne2.} (27. Rxg5 Rxg5) 27... cxd4 {[%emt 0:00:24]} 28. Kxf4 {[%emt 0:12:53]} Be2 {[%emt 0:03:04] Black is more active.} 29. Rae1 {[%emt 0:10:01]} Bg4 {[%emt 0:00:24]} 30. b4 {[%emt 0:00:05]} Rg6 {[%emt 0:03:51]} 31. Re4 {[%emt 0:00:23]} Rc6 {[%emt 0:13:59]} 32. Bxd4 {[%emt 0:00:19]} Rxc2 {[%emt 0:00:18]} 33. a4 {[%emt 0:08:49]} b6 {[%emt 0:01:42]} 34. a5 {[%emt 0:03:39]} Kd7 {[%emt 0:05:30] Hoping for ...Ke6.} 35. Be3 {[%emt 0:06:39] [#]} (35. e6+ $17 {was worth a try.} Bxe6 36. Bf6) 35... Ke6 $1 $19 {[%emt 0:01:51]} 36. Rc1 {[%emt 0:00:51]} Rxc1 {[%emt 0:00:53]} 37. Bxc1 {[%emt 0:00:04][%mdl 4096] Endgame KRB-KRB} Rd3 {[%emt 0:02:29]} (37... Rd1 $142 38. axb6 axb6) 38. Re3 {[%emt 0:00:04]} (38. Be3 {was necessary.}) 38... Rd4+ {[%emt 0:03:11]} 39. Re4 {[%emt 0:00:05]} Rd3 {[%emt 0:00:21][%csl Gg4][%cal Rd3f3]} 40. Re3 {[%emt 0:00:04] Inhibits Rf3+.} Rd4+ {[%emt 0:02:26]} (40... Rxe3 $142 41. Bxe3 bxa5 42. bxa5 a6) 41. Re4 {[%emt 0:00:19]} Kd5 {[%emt 0:00:05]} 42. Rxd4+ {[%emt 0:02:19]} Kxd4 {[%emt 0:00:05]} 43. Bd2 $2 {[%emt 0:01:44]} (43. a6) 43... bxa5 {[%emt 0:04:17]} 44. bxa5 {[%emt 0:01:21]} a6 {[%emt 0:00:11]} 45. Be3+ {[%emt 0:14:35] Weighted Error Value: White=0.27 (precise) /Black=0.21 (precise)} 0-1

[Event "TePe Sigeman Co 2022"]
[Site "Malmo"]
[Date "2022.05.08"]
[Round "6.2"]
[White "Erigaisi Arjun"]
[Black "Adams, Michael"]
[Result "1/2-1/2"]
[WhiteElo "2675"]
[BlackElo "2698"]
[Annotator "TA"]
[PlyCount "80"]
[EventDate "2022.05.03"]
[EventType "tourn"]
[EventCountry "SWE"]
[SourceTitle "playchess.com"]
[Source "ChessBase"]
[SourceQuality "1"]

{[%evp 9,80,0,0,-14,-6,-33,1,-16,-8,-16,0,-7,16,0,0,0,0,0,0,0,0,0,0,0,0,-18,0,0,0,0,0,0,0,0,-7,-12,-8,-10,-8,-8,-10,-18,-16,-21,-5,-15,-11,-15,0,-12,-5,-4,0,0,0,0,0,0,-10,-19,0,0,4,0,4,4,4,0,5,0,0,0,0]} 1. d4 {[%emt 0:00:14]} Nf6 {[%emt 0:00:11]} 2. Nc3 {[%emt 0:00:08]} d5 {[%emt 0:00:09]} 3. Bf4 {[%emt 0:00:06]} e6 {[%emt 0:00:24]} 4. Nb5 {[%emt 0:00:08]} Na6 {[%emt 0:00:48]} 5. e3 {[%emt 0:01:02]} Be7 {[%emt 0:00:55]} 6. Nf3 {[%emt 0:00:33] D00: 1 d4 d5: Unusual lines.} O-O {[%emt 0:01:01]} 7. Ne5 {[%emt 0:11:41]} Bd7 {[%emt 0:08:34]} 8. Be2 {[%emt 0:06:59] [#] The position is equal.} Be8 $146 {[%emt 0:08:21]} ({Predecessor:} 8... c6 9. Nc3 Nc7 10. O-O h6 11. Bf3 a6 12. e4 dxe4 13. Nxe4 Nxe4 14. Bxe4 Nd5 {1-0 (33) Prydun,A (2223)-Yonal,T (1818) Chess.com INT 2021}) 9. O-O {[%emt 0:00:59]} c5 {[%emt 0:09:15]} 10. a4 {[%emt 0:09:19]} Nb4 {[%emt 0:08:08]} 11. c3 {[%emt 0:24:39]} Nc6 {[%emt 0:00:06]} 12. Nxc6 {[%emt 0:01:24]} Bxc6 {[%emt 0:00:35]} 13. Nc7 {[%emt 0:00:58]} Rc8 {[%emt 0:00:46]} 14. Nb5 {[%emt 0:00:08]} Ra8 {[%emt 0:00:41]} 15. dxc5 {[%emt 0:01:52]} Bxc5 {[%emt 0:00:51]} 16. a5 {[%emt 0:00:07]} Qe7 {[%emt 0:19:05]} 17. Be5 {[%emt 0:01:28]} Bxb5 {[%emt 0:05:22]} 18. Bxb5 {[%emt 0:00:08]} Bd6 {[%emt 0:00:15]} 19. Bxd6 {[%emt 0:00:43]} Qxd6 {[%emt 0:00:02]} 20. Ra4 {[%emt 0:00:39]} Rfd8 {[%emt 0:02:06]} 21. Bd3 {[%emt 0:00:43]} Rac8 {[%emt 0:01:16][%cal Ba8c8,Bc8c7,Bc7c5][%mdl 32]} 22. h3 {[%emt 0:01:02]} g6 {[%emt 0:00:55]} 23. Rb4 {[%emt 0:01:56]} Rc7 {[%emt 0:01:57]} 24. Qe2 {[%emt 0:01:41]} Qe7 {[%emt 0:04:17]} 25. Rd1 {[%emt 0:01:03]} Rc5 {[%emt 0:01:39]} 26. Ra1 {[%emt 0:02:06]} Kg7 {[%emt 0:02:08]} 27. Qd1 {[%emt 0:00:47]} Qc7 {[%emt 0:01:35]} 28. Qb3 {[%emt 0:02:56]} Rd7 {[%emt 0:02:27]} 29. Rb5 {[%emt 0:02:17]} Rxb5 {[%emt 0:01:00]} 30. Qxb5 {[%emt 0:00:51]} Rd6 {[%emt 0:02:16][%cal Bd7d6,Bd6c6,Bc6c5,Bc5a5][%mdl 32]} 31. Qb4 {[%emt 0:00:20]} e5 {[%emt 0:02:28] Prevents Qd4.} 32. Be2 {[%emt 0:00:38]} Rc6 {[%emt 0:01:02]} 33. Rd1 {[%emt 0:02:37]} Rc5 {[%emt 0:02:09]} 34. a6 {[%emt 0:00:07]} bxa6 {[%emt 0:01:50]} 35. Bxa6 {[%emt 0:00:07]} Ra5 {[%emt 0:02:15]} 36. Be2 {[%emt 0:01:29]} Qb6 {[%emt 0:00:38]} 37. Qxb6 {[%emt 0:00:18]} axb6 {[%emt 0:00:04]} 38. c4 {[%emt 0:00:09]} Kf8 {[%emt 0:03:03]} 39. Kf1 {[%emt 0:00:16]} dxc4 {[%emt 0:01:23]} 40. Bxc4 {[%emt 0:00:52]} Ke7 {[%emt 0:00:44] An even fight not without its subleties.  Weighted Error Value: White=0.04 (flawless) /Black=0.05 (flawless)} 1/2-1/2

[Event "TePe Sigeman Co 2022"]
[Site "Malmo"]
[Date "2022.05.08"]
[Round "6.3"]
[White "Salem, A.R. Saleh"]
[Black "Van Foreest, Jorden"]
[Result "1-0"]
[WhiteElo "2690"]
[BlackElo "2715"]
[Annotator "TA"]
[PlyCount "111"]
[EventDate "2022.05.03"]
[EventType "tourn"]
[EventCountry "SWE"]
[SourceTitle "playchess.com"]
[Source "ChessBase"]
[SourceQuality "1"]

{[%evp 19,111,29,27,10,14,12,32,13,19,15,20,17,22,14,23,13,17,14,27,25,30,27,31,26,28,0,19,27,31,9,45,30,36,9,15,25,70,33,47,37,58,31,43,54,59,47,52,21,65,65,93,105,89,65,58,58,85,65,79,9,6,7,21,20,33,33,48,33,37,33,33,33,59,0,41,41,49,49,70,31,32,32,60,32,90,83,199,163,1385,1330,29984,29985,29985,29986]} 1. e4 {[%emt 0:00:05]} e5 {[%emt 0:00:12]} 2. Nf3 {[%emt 0:00:08]} Nc6 {[%emt 0:00:09]} 3. Bb5 {[%emt 0:00:07]} a6 {[%emt 0:00:33]} 4. Ba4 {[%emt 0:00:25]} Nf6 {[%emt 0:00:12]} 5. O-O {[%emt 0:00:11]} Be7 {[%emt 0:01:10]} 6. d3 {[%emt 0:00:07]} b5 {[%emt 0:00:38]} 7. Bb3 {[%emt 0:00:13]} d6 8. a4 {[%emt 0:00:58]} Rb8 {[%emt 0:00:20]} 9. axb5 {[%emt 0:08:57]} axb5 {[%emt 0:00:09]} 10. Nc3 {[%emt 0:00:05]} O-O {[%emt 0:00:58] 10...Bg4 might become the main line.} 11. Qe2 $5 {[%emt 0:04:28][%mdl 4] Leaves trodden paths. C84: Closed Ruy Lopez: Unusual White 6th moves.} h6 {[%emt 0:06:49]} 12. Be3 {[%emt 0:09:34] [#]} Re8 $146 {[%emt 0:08:13]} ({Predecessor:} 12... Bg4 13. h3 Bh5 14. Nd5 Nd7 15. Nxe5 Bxe2 16. Nxc6 Qe8 17. Nxc7 Bxf1 18. Nxe8 Rbxe8 {1-0 (28) Giovani,M (1306)-Steinert,M (1011) LSS email 2011}) 13. h3 {[%emt 0:00:20] White is slightly better.} Bf8 {[%emt 0:00:55]} 14. Rfd1 {[%emt 0:15:09]} Be6 {[%emt 0:05:02]} 15. Bxe6 {[%emt 0:00:14]} Rxe6 {[%emt 0:00:12]} 16. Nd5 {[%emt 0:04:04]} Re8 {[%emt 0:00:47]} 17. Nxf6+ {[%emt 0:06:18]} Qxf6 {[%emt 0:00:07]} 18. Qd2 {[%emt 0:00:05]} Qe6 {[%emt 0:09:41]} 19. Ra6 {[%emt 0:01:47]} Qd7 {[%emt 0:01:40]} 20. Qc3 {[%emt 0:00:59]} Ne7 {[%emt 0:03:50]} 21. Rda1 {[%emt 0:01:36]} c5 {[%emt 0:01:00]} 22. b4 {[%emt 0:04:28]} cxb4 {[%emt 0:03:08]} 23. Qxb4 {[%emt 0:00:05]} Nc6 {[%emt 0:00:24]} 24. Qb3 {[%emt 0:00:26]} Rec8 {[%emt 0:00:06]} (24... d5 $5) 25. Rb1 {[%emt 0:18:12]} Qe6 {[%emt 0:03:13]} 26. c3 {[%emt 0:07:42]} Qd7 {[%emt 0:11:43]} 27. Bd2 $1 {[%emt 0:05:09]} Qb7 {[%emt 0:00:45]} 28. Ra2 {[%emt 0:00:36]} Qd7 {[%emt 0:04:07]} 29. Rab2 {[%emt 0:01:10]} Rb7 {[%emt 0:01:31]} 30. Nh2 {[%emt 0:02:57]} Na5 {[%emt 0:04:00]} 31. Qa2 {[%emt 0:02:13]} Nc6 {[%emt 0:05:39]} 32. Ng4 {[%emt 0:00:01][%cal Od2h6]} Nd8 {[%emt 0:07:07]} 33. Qa5 {[%emt 0:03:42][%cal Od2h6]} Rcb8 {[%emt 0:02:43] [#]} 34. Bxh6 $1 {[%emt 0:00:54][%cal Oa5a2]} f5 {[%emt 0:06:01] [#]} (34... d5 35. Be3) 35. exf5 {[%emt 0:00:01]} Qxf5 {[%emt 0:00:04]} (35... Ra7 $2 36. Qb4 $16) 36. Be3 {[%emt 0:00:45][%cal Rb2b5]} Qxd3 {[%emt 0:00:05]} 37. Qa2+ {[%emt 0:01:13]} Nf7 {[%emt 0:01:38]} 38. Qb3 {[%emt 0:01:25]} Rc8 {[%emt 0:00:40]} 39. Qe6 {[%emt 0:00:24]} (39. Rd1 $16 Qxc3 40. Qe6) 39... Rxc3 $11 {[%emt 0:00:52]} 40. Qe8 {[%emt 0:00:02][%cal Rb2b5]} Qf5 {[%emt 0:04:51]} 41. Rxb5 {[%emt 0:03:27]} Rxb5 {[%emt 0:00:24]} 42. Qxb5 {[%emt 0:00:13]} (42. Rxb5 $2 {perishes.} Rc8 43. Nf6+ gxf6 $19) 42... Qe6 {[%emt 0:00:43]} 43. Qa6 {[%emt 0:04:37]} Qc8 {[%emt 0:01:41] Inhibits Rb8.} 44. Qa7 {[%emt 0:00:08]} Rc7 {[%emt 0:01:17]} 45. Qa2 {[%emt 0:00:16]} Rc4 {[%emt 0:00:07]} 46. Qa7 {[%emt 0:00:58]} Rc7 {[%emt 0:01:07]} 47. Qa5 {[%emt 0:00:09]} Rb7 {[%emt 0:00:40]} 48. Rc1 {[%emt 0:00:42][%cal Bb1c1,Bc1c6,Bc6c7][%mdl 32]} Qb8 {[%emt 0:00:06]} 49. Rc6 {[%emt 0:08:33] 0x0.001ab16c2a63dp-1022s more active pieces.} (49. Qa2 $5 {[%cal Ra2e6]}) 49... Rb1+ {[%emt 0:03:30]} 50. Kh2 {[%emt 0:00:37]} Qb5 {[%emt 0:01:32] Inhibits Qa4.} 51. Qa8 {[%emt 0:01:42] Hoping for Rc8.} (51. Qc3 $5 {[%cal Rc3c2]} Qb3 52. Qa5 $14) 51... Qb7 {[%emt 0:02:27] [#]} (51... Qf1 52. Rc8 Kh7 53. Rxf8 Qh1+ 54. Kg3) (51... Qd5 $14) 52. Qa4 $1 $16 {[%emt 0:00:34]} Ra1 {[%emt 0:04:34]} 53. Qc4 $18 {[%emt 0:01:38] Threatens to win with Rc7.} Ra5 $2 {[%emt 0:08:29]} (53... Qb1 54. Qe6 Qb7 55. Rc8 $18) (53... Qd7) 54. Rc7 {[%emt 0:02:12]} Qd5 {[%emt 0:00:10] [#]} 55. Nf6+ $1 {[%emt 0:00:08][%mdl 512]} gxf6 {[%emt 0:03:25]} 56. Qg4+ {[%emt 0:00:15] Weighted Error Value: White=0.11 (very precise) /Black=0.25 (precise)} 1-0

[Event "TePe Sigeman Co 2022"]
[Site "Malmo"]
[Date "2022.05.08"]
[Round "6.4"]
[White "Niemann, Hans Moke"]
[Black "Grandelius, Nils"]
[Result "1/2-1/2"]
[WhiteElo "2656"]
[BlackElo "2635"]
[Annotator "TA"]
[PlyCount "76"]
[EventDate "2022.05.03"]
[EventType "tourn"]
[EventCountry "SWE"]
[SourceTitle "playchess.com"]
[Source "ChessBase"]
[SourceQuality "1"]

{[%evp 24,76,12,14,5,6,6,4,16,14,11,8,8,9,16,0,0,0,0,0,0,0,0,0,15,0,0,0,0,0,0,0,0,0,12,8,9,0,0,0,0,0,0,0,0,0,0,0,0,0,0,0,0,0,0]} 1. d4 {[%emt 0:00:04]} Nf6 {[%emt 0:00:17]} 2. c4 {[%emt 0:00:30]} g6 {[%emt 0:00:21]} 3. g3 {[%emt 0:00:16]} c6 {[%emt 0:00:59]} 4. Nf3 {[%emt 0:01:35]} d5 {[%emt 0:00:50]} 5. cxd5 {[%emt 0:05:16]} cxd5 {[%emt 0:00:30]} 6. Bg2 {[%emt 0:00:06]} Bg7 {[%emt 0:00:34]} 7. O-O {[%emt 0:00:09]} O-O {[%emt 0:00:08]} 8. Nc3 {[%emt 0:00:10]} Ne4 {[%emt 0:02:58]} 9. Ne5 {[%emt 0:00:17]} Nxc3 {[%emt 0:03:23]} 10. bxc3 {[%emt 0:00:06]} Nc6 {[%emt 0:00:05]} 11. Nxc6 {[%emt 0:00:07]} bxc6 {[%emt 0:00:03]} 12. Qa4 {[%emt 0:00:07]} Qb6 {[%emt 0:02:53]} 13. Ba3 {[%emt 0:00:18] The position is equal.} Qa6 {[%emt 0:00:15] D79: Fianchetto Grünfeld: Symmetrical Variation (6 0-0 c6 7 cxd5 cxd5).} 14. Qxa6 {[%emt 0:00:07]} Bxa6 {[%emt 0:00:04]} 15. Rfb1 {[%emt 0:00:07]} Rfb8 {[%emt 0:05:30]} 16. Bxe7 {[%emt 0:00:14]} Bxe2 {[%emt 0:00:14]} 17. Bd6 {[%emt 0:00:04]} Rxb1+ {[%emt 0:26:58]} 18. Rxb1 {[%emt 0:00:29]} Bb5 {[%emt 0:01:33]} 19. Bf1 {[%emt 0:04:05]} a6 {[%emt 0:03:36]} 20. a4 {[%emt 0:00:19]} Bxa4 {[%emt 0:03:56]} 21. Bxa6 {[%emt 0:00:23]} Bf8 {[%emt 0:04:46]} 22. Bxf8 {[%emt 0:00:13]} Kxf8 $11 {[%emt 0:01:57][%mdl 4096] Endgame KRB-KRB} 23. Bd3 {[%emt 0:00:06] [#] Strongly threatening Ra1.} Rc8 {[%emt 0:02:39] [#]} 24. Rb7 $146 {[%emt 0:13:57]} ({Predecessor:} 24. Ra1 Bb5 25. Bxb5 cxb5 26. Ra5 Rb8 27. Kf1 Ke7 28. Ke2 Ke6 29. Ra6+ Ke7 30. Ra3 Rb6 31. Ke3 {½-½ (31) Meier,G (2626)-Khanin,S (2500) Moscow 2019}) 24... c5 {[%emt 0:12:57]} 25. Ra7 {[%emt 0:00:46]} Bb3 {[%emt 0:02:46]} 26. Ra3 {[%emt 0:07:44]} Bd1 {[%emt 0:01:43]} 27. dxc5 {[%emt 0:00:19]} Rxc5 {[%emt 0:00:14]} 28. Kf1 {[%emt 0:00:08]} Bf3 {[%emt 0:02:58]} 29. Ke1 {[%emt 0:03:21]} Rc6 {[%emt 0:00:42]} 30. c4 {[%emt 0:01:01]} dxc4 {[%emt 0:00:27]} 31. Bxc4 {[%emt 0:00:05]} Rxc4 {[%emt 0:00:26]} 32. Rxf3 {[%emt 0:00:05] KR-KR} h5 {[%emt 0:00:04]} 33. h4 {[%emt 0:00:05]} Kg7 {[%emt 0:00:04]} 34. Kf1 {[%emt 0:00:18]} Ra4 {[%emt 0:00:04]} 35. Rb3 {[%emt 0:00:07]} Ra5 {[%emt 0:00:05]} 36. Rf3 {[%emt 0:00:05]} Ra4 {[%emt 0:00:03]} 37. Rb3 {[%emt 0:00:06]} Ra5 {[%emt 0:00:02]} 38. Rf3 {[%emt 0:00:05]} Ra4 {[%emt 0:00:03] A rather calm draw.  Weighted Error Value: White=0.02 (flawless) /Black=0.02 (flawless)} 1/2-1/2